000 00293nam a2200133Ia 4500
003 OSt
005 20231123062310.0
008 170523s9999 xx 000 0 und d
020 _a0-19-945174-5
040 _cIIMT
100 _aRaghubalan- G
245 0 _aHotel housekeeping
942 _2ddc
_c02
999 _c11364
_d11364